Carlos Gagini /
Gorde:
| Egile nagusia: | |
|---|---|
| Beste egile batzuk: | , |
| Formatua: | Liburua |
| Hizkuntza: | Spanish |
| Argitaratua: |
San José, Costa Rica,
Ministerio de Cultura, Juventud y Deportes, Departamento de Publicaciones,
1972
|
| Saila: | ¿Quién fue y qué hizo?
|
| Gaiak: | |
| Etiketak: |
Etiketa erantsi
Etiketarik gabe, Izan zaitez lehena erregistro honi etiketa jartzen!
|
MARC
| LEADER | 00000cam a22000001 4500 | ||
|---|---|---|---|
| 001 | 7604145 | ||
| 005 | 20170512090101.0 | ||
| 008 | 750410s1973 cr 000 0 spa | ||
| 040 | |a DLC |c PPiU |d DLC |d CRU CIICLA | ||
| 082 | |a CR863.4B |b G134r | ||
| 100 | 1 | |a Gagini, Carlos |d 1865-1925. | |
| 245 | 0 | 0 | |a Carlos Gagini / |c Presentado por Lilia Ramos y Mariana de Silva. |
| 260 | |a San José, Costa Rica, |b Ministerio de Cultura, Juventud y Deportes, Departamento de Publicaciones, |c 1972 | ||
| 300 | |a 95 páginas |b ilustraciones, retratos | ||
| 490 | 1 | |a ¿Quién fue y qué hizo? | |
| 505 | 0 | |a Ramos, L. Proemio.-Silva, M. de. Evocación de mi padre.-Biografía.-Ramos, L. Acotaciones de su correo.-Gagini, C. Antología: El árbol enfermo (fragmento). Actualidad pedagógica (facsímil). La caída del águila (fragmento). Al través de mi vida (fragmento). Las campanas del Carmen. Disciplina escolar. Los maestros y la gramática. Congreso Pedagógico de Inspectores de Escuelas de la República (fragmento)-Bibliografía (p. 89-91)-Cronología. | |
| 600 | 1 | 0 | |a GAGINI, CARLOS |d 1865-1925. |
| 650 | 7 | |9 76 |a LITERATURA COSTARRICENSE |v PROSA | |
| 700 | 1 | |a Ramos Valverde, Lilia |e editora |d 1903-1988 | |
| 700 | 1 | |a Silva, Mariana de |d 1900- |e editora | |
| 942 | |2 ddc |c BK | ||
| 999 | |c 3650 |d 3650 | ||
